000 00296nam a22001217a 4500
008 181018b xxu||||| |||| 00| 0 eng d
041 _aeng
080 _a330
100 _a52
101 _aeco
245 _aEconomics For Social Decisons Element Cost Benefit
_cMishon.E.J
942 _2udc
_cBK
999 _c50160
_d50160